The secret of the Nagas: (Record no. 11509)

MARC details
000 -LEADER
fixed length control field 00610nam a22002177a 4500
005 - DATE AND TIME OF LATEST TRANSACTION
control field 20230329114821.0
008 - FIXED-LENGTH DATA ELEMENTS--GENERAL INFORMATION
fixed length control field 230329b ||||| |||| 00| 0 eng d
020 ## - INTERNATIONAL STANDARD BOOK NUMBER
International Standard Book Number 9789381710173
040 ## - CATALOGING SOURCE
Original cataloging agency IN-DiNC
Transcribing agency IN-DiNC
041 ## - LANGUAGE CODE
Language code of sung or spoken text Assamese
082 ## - DEWEY DECIMAL CLASSIFICATION NUMBER
Classification number 823.954
Item number TRI
100 ## - MAIN ENTRY--PERSONAL NAME
Personal name Tripathi, Amish
Relator term Author
245 ## - TITLE STATEMENT
Title The secret of the Nagas:
Remainder of title second part of Shiva trilogy/
Statement of responsibility, etc. by Amish Tripathi
250 ## - EDITION STATEMENT
Edition statement 2nd ed.
260 ## - PUBLICATION, DISTRIBUTION, ETC.
Place of publication, distribution, etc. Guwahati:
Name of publisher, distributor, etc. Banphool prakashan,
Date of publication, distribution, etc. 2016.
300 ## - PHYSICAL DESCRIPTION
Extent 405p.
650 ## - SUBJECT ADDED ENTRY--TOPICAL TERM
Topical term or geographic name entry element Shiva trilogy
650 ## - SUBJECT ADDED ENTRY--TOPICAL TERM
Topical term or geographic name entry element The secret of Nagas
700 ## - ADDED ENTRY--PERSONAL NAME
Personal name Bipul Deuri
Relator term Translator
942 ## - ADDED ENTRY ELEMENTS (KOHA)
Source of classification or shelving scheme Dewey Decimal Classification
Koha item type Books
Holdings
Withdrawn status Lost status Source of classification or shelving scheme Damaged status Not for loan Collection code Home library Current library Shelving location Date acquired Cost, normal purchase price Total Checkouts Full call number Barcode Date last seen Date last checked out Copy number Price effective from Koha item type
    Dewey Decimal Classification     Assamese Central Library, Naharkatiya College Central Library, Naharkatiya College General Stacks 29/03/2023 250.00 1 823.954 TRI 26301 01/08/2024 28/06/2024 1 29/03/2023 Books

Naharkatiya College © 2020. All rights reserved.

Powered By